System efficiency improvement. equitization and renewable project Environment impact assessment for rehabiliation of Thac Bay hydropower plant
Na minha lista:
| Autores corporativos: | , |
|---|---|
| Formato: | Livro |
| Idioma: | Undetermined |
| Publicado em: |
Washington DC
The World Bank
2002
|
| Tags: |
Adicionar Tag
Sem tags, seja o primeiro a adicionar uma tag!
|
| Thư viện lưu trữ: | Trung tâm Học liệu Trường Đại học Cần Thơ |
|---|
| LEADER | 00619nam a2200181Ia 4500 | ||
|---|---|---|---|
| 001 | CTU_62695 | ||
| 008 | 210402s9999 xx 000 0 und d | ||
| 082 | |a 363.61 | ||
| 082 | |b E37se | ||
| 110 | |a Electricity of Vietnam | ||
| 110 | |b Power company No.1 | ||
| 245 | 0 | |a System efficiency improvement. equitization and renewable project | |
| 245 | 0 | |b Environment impact assessment for rehabiliation of Thac Bay hydropower plant | |
| 245 | 0 | |c Electricity of Vietnam. Power company No.1 | |
| 260 | |a Washington DC | ||
| 260 | |b The World Bank | ||
| 260 | |c 2002 | ||
| 980 | |a Trung tâm Học liệu Trường Đại học Cần Thơ | ||